VAT on land and buildings: a CPD study pack (Record no. 103020)
[ view plain ]
| 000 -LEADER | |
|---|---|
| fixed length control field | 01275cam a2200289 4500 |
| 008 - FIXED-LENGTH DATA ELEMENTS--GENERAL INFORMATION | |
| fixed length control field | 010726n2003 000 0 eng u |
| 020 ## - INTERNATIONAL STANDARD BOOK NUMBER | |
| International Standard Book Number | 1904388183 |
| 035 ## - SYSTEM CONTROL NUMBER | |
| System control number | (Sirsi) u123297 |
| 041 ## - LANGUAGE CODE | |
| Language code of text/sound track or separate title | eng |
| 050 ## - LIBRARY OF CONGRESS CALL NUMBER | |
| Classification number | 336.271 |
| -- | 18 |
| 100 ## - MAIN ENTRY--PERSONAL NAME | |
| Personal name | Johnson, Tony |
| 245 ## - TITLE STATEMENT | |
| Title | VAT on land and buildings: a CPD study pack |
| 250 ## - EDITION STATEMENT | |
| Edition statement | 6th |
| 260 ## - PUBLICATION, DISTRIBUTION, ETC. | |
| Place of publication, distribution, etc. | Oxford |
| Name of publisher, distributor, etc. | College of Estate Management |
| Date of publication, distribution, etc. | 2003 |
| 300 ## - PHYSICAL DESCRIPTION | |
| Extent | 29p. ; 30cm. |
| 350 ## - PRICE (NR) (BK AM CF MU VM SE) [OBSOLETE] | |
| Price | 27 |
| 490 ## - SERIES STATEMENT | |
| Series statement | College of Estate Management CPD Study Pack |
| 520 ## - SUMMARY, ETC. | |
| Summary, etc. | This pack offers an update on the complex and changing topic of Value Added Tax, particularly as far as it affects transactions of land and buildings. It gives a working outline of the principles underlying this tax concept, together with case studies covering the impact of the most recent financial legislation affecting VAT. [CEM] |
| 520 ## - SUMMARY, ETC. | |
| Summary, etc. | Please note that the Owlion tape which accompanied the fifth edition has been withdrawn for this sixth edition |
| 520 ## - SUMMARY, ETC. | |
| Summary, etc. | Withdrawn September 2007. Supersedes fifth edition (ISBN 189976934X). |
| 650 ## - SUBJECT ADDED ENTRY--TOPICAL TERM | |
| Topical term or geographic name entry element | VALUE ADDED TAX |
| 690 ## - LOCAL SUBJECT ADDED ENTRY--TOPICAL TERM (OCLC, RLIN) | |
| Topical term or geographic name as entry element | TAXATION |
| 700 ## - ADDED ENTRY--PERSONAL NAME | |
| Personal name | Johnson, Tony |
| 710 ## - ADDED ENTRY--CORPORATE NAME | |
| Corporate name or jurisdiction name as entry element | College of Estate Management |
| 9 (RLIN) | 400 |
| 710 ## - ADDED ENTRY--CORPORATE NAME | |
| Corporate name or jurisdiction name as entry element | Royal Institution of Chartered Surveyors |
| 9 (RLIN) | 4900 |
| 942 ## - ADDED ENTRY ELEMENTS (KOHA) | |
| Suppress in OPAC | 0 |
| Withdrawn status | Lost status | Source of classification or shelving scheme | Damaged status | Not for loan | Home library | Current library | Shelving location | Date acquired | Cost, normal purchase price | Total Checkouts | Full call number | Barcode | Date last seen | Date last checked out | Copy number | Cost, replacement price | Price effective from | Koha item type |
|---|---|---|---|---|---|---|---|---|---|---|---|---|---|---|---|---|---|---|
| Dewey Decimal Classification | London | London | Basement | 26/09/2003 | 27.00 | 28 | RESERVE | 30067793 | 06/08/2019 | 21/09/2006 | 2 | 27.00 | 06/08/2019 | Audio | ||||
| Dewey Decimal Classification | London | London | Basement | 21/04/2004 | 27.00 | 26 | RESERVE | 30069212 | 06/08/2019 | 08/10/2007 | 3 | 27.00 | 06/08/2019 | Audio |